ARRUPE JESUIT UNIVERSITY

CORONAVIRUS -STOP THE SPREAD - CLEAN,DISINFECT,COVER

Education for Critical Consciousness (Record no. 30910)

MARC details
000 -LEADER
fixed length control field 00410nam a2200169Ia 4500
003 - CONTROL NUMBER IDENTIFIER
control field 0100
005 - DATE AND TIME OF LATEST TRANSACTION
control field 20150523020006.0
008 - FIXED-LENGTH DATA ELEMENTS--GENERAL INFORMATION
fixed length control field 130303s9999 xx 000 0 und d
040 ## - CATALOGING SOURCE
Transcribing agency ARRUPELIB
050 ## - LIBRARY OF CONGRESS CALL NUMBER
Classification number LC191.F76131973
100 ## - MAIN ENTRY--PERSONAL NAME
Personal name Freire, Paulo
9 (RLIN) 17700
245 ## - TITLE STATEMENT
Title Education for Critical Consciousness
260 ## - PUBLICATION, DISTRIBUTION, ETC. (IMPRINT)
Place of publication, distribution, etc London
260 ## - PUBLICATION, DISTRIBUTION, ETC. (IMPRINT)
Name of publisher, distributor, etc Sheed Ward
300 ## - PHYSICAL DESCRIPTION
Extent 164p
942 00 - ADDED ENTRY ELEMENTS (KOHA)
Koha issues (borrowed), all copies 13
Source of classification or shelving scheme Library of Congress Classification
Koha item type Monograph ( Printed materials)
Holdings
Withdrawn status Lost status Source of classification or shelving scheme Damaged status Not for loan Collection code Home library Current library Shelving location Date acquired Total Checkouts Full call number Barcode Date last seen Date checked out Copy number Price effective from Koha item type Checked out
    Library of Congress Classification     Main Collection ARRUPE LIBRARY ARRUPE LIBRARY Main Collection 04/03/2013 35 LC191.F7613 1973 46500002124 31/05/2022 22/10/2020 1 04/03/2013 Monograph ( Printed materials)  
    Library of Congress Classification     Main Collection ARRUPE LIBRARY ARRUPE LIBRARY   04/03/2013 18 LC191.F76131973 46003052072 02/12/2016 02/12/2016 2 04/03/2013 Monograph ( Printed materials) 16/12/2016
    Library of Congress Classification     Main Collection ARRUPE LIBRARY ARRUPE LIBRARY   04/03/2013 5 LC191.F76131973 46003052095 26/10/2020 25/09/2020 3 04/03/2013 Monograph ( Printed materials)  
    Library of Congress Classification     Main Collection ARRUPE LIBRARY ARRUPE LIBRARY   04/03/2013 12 LC191.F76131973 46003052061 01/10/2018 17/09/2018 4 04/03/2013 Monograph ( Printed materials)  
    Library of Congress Classification     Main Collection ARRUPE LIBRARY ARRUPE LIBRARY   04/03/2013 2 LC191.F76131973 46003052079 28/06/2018 13/11/2015 5 04/03/2013 Monograph ( Printed materials)  
    Library of Congress Classification       ARRUPE LIBRARY ARRUPE LIBRARY   05/05/2015 6 LC191.F76131973 46003052098 28/06/2018 26/11/2015   05/05/2015 Monograph ( Printed materials)  

 

Arrupe Library. PO Box MP320 Mt Pleasant, Harare, Zimbabwe
263 242 745411|librarian@aju.ac.zw